000 01400nam a2200217Ia 4500
003 Ost
005 20260507075559.0
008 260507s9999||||xx |||||||||||||| ||und||
040 _cfsecg
041 _aara
082 _a300
100 _aخليفة، عبد العزيز عبد المنعم
_eمؤلف
245 0 _aالتحكيم في منازعات العقود الادارية الداخلية والدولية /
_c عبد العزيز عبد المنعم خليفة
260 _aالاسكندرية:
_bدار الفكر الجامعي,
_c2006
300 _a178 صفحة؛
_c24 سم
504 _aمراجع ص.165
520 _aماهية التحكيم واجراءاته, ماهية العقد الاداري الداخلي, موقف الفقه و القضاء من التحكيم في العقود الادارية الداخلية قبل صدور القانون رقم 27 سنة 1994و كذا موقف المشرع من التحكيم في العقود الادارية اضافة الى مفهوم العقد الاداري الدولي و مبررات التحكيم في منازعاته و التحكيم في الاتفاقيات الدولية, تطبيقات عملية التحكيم في بعض العقود الادارية الدولية.
653 _aالتحكيم, العقود الادارية
653 _aالمنازعات الدولية
942 _cكتاب
999 _c44990
_d44990